<?xml version="1.0" encoding="UTF-8"?>
<marc:record xmlns:marc="http://www.loc.gov/MARC21/slim">
   <marc:leader>00000nam a2200000 a 4500</marc:leader>
   <marc:datafield ind1="1" ind2=" " tag="100">
      <marc:subfield code="a">Lange, Erin Jade</marc:subfield>
      <marc:subfield code="4">aut</marc:subfield>
      <marc:subfield code="e">Verfasser/-in</marc:subfield>
   </marc:datafield>
   <marc:datafield ind1="1" ind2=" " tag="100">
      <marc:subfield code="a">Komina, Jessika</marc:subfield>
      <marc:subfield code="4">trl</marc:subfield>
      <marc:subfield code="e">Übersetzer/-in</marc:subfield>
   </marc:datafield>
   <marc:datafield ind1="1" ind2=" " tag="100">
      <marc:subfield code="a">Knuffinke, Sandra</marc:subfield>
      <marc:subfield code="4">trl</marc:subfield>
      <marc:subfield code="e">Übersetzer/-in</marc:subfield>
   </marc:datafield>
   <marc:datafield ind1="0" ind2="0" tag="245">
      <marc:subfield code="a">Firewall</marc:subfield>
   </marc:datafield>
   <marc:datafield ind1="0" ind2="0" tag="245">
      <marc:subfield code="c">Erin Jade Lange ; aus dem Englischen von Sandra Knuffinke und Jessika Komina</marc:subfield>
   </marc:datafield>
   <marc:datafield ind1=" " ind2="1" tag="264">
      <marc:subfield code="a">Bamberg</marc:subfield>
      <marc:subfield code="b">Magellan</marc:subfield>
      <marc:subfield code="c">2022</marc:subfield>
   </marc:datafield>
   <marc:datafield ind1="1" ind2=" " tag="490">
      <marc:subfield code="a">Magellan Taschenbuch</marc:subfield>
   </marc:datafield>
   <marc:datafield ind1=" " ind2=" " tag="250">
      <marc:subfield code="a">2. Auflage</marc:subfield>
   </marc:datafield>
   <marc:datafield ind1="1" ind2=" " tag="520">
      <marc:subfield code="a">Ein Thriller, der mit viel Feingefühl und Spannung einen kritischen Blick auf die sozialen Medien und die virtuelle Welt wirft. &lt;br/&gt;&lt;br/&gt; &lt;br/&gt;Sie wollen Gerechtigkeit  es den Leuten heimzahlen, die ihren Mitschüler durch schlimme Mobbingattacken auf dem Gewissen haben. Und gleichzeitig die Cyber-Stasi, die seitdem sämtliche Onlineaktivitäten an der Schule aufs Strengste überwacht, austricksen. Dabei soll Eli ihnen helfen. Eli selbst ist zwar klar, dass das gefährlich werden könnte, aber die Verlockung, seine Hackerfähigkeiten zu testen, ist einfach zu groß. Doch was als Spiel beginnt, gerät nach und nach außer Kontrolle, und Eli erfährt, was passiert, wenn man Gerechtigkeit mit Rache verwechselt.  &lt;br/&gt;&lt;br/&gt; &lt;br/&gt;Nach ihrem Roman Halbe Helden gelingt Erin Jade Lange ein spannender Krimi, der für die Themen Cybermobbing und Suizid sensibilisiert. Auch als Schullektüre geeignet.</marc:subfield>
   </marc:datafield>
   <marc:datafield ind1=" " ind2=" " tag="020">
      <marc:subfield code="a">9783734882210</marc:subfield>
      <marc:subfield code="9">9783734882210</marc:subfield>
   </marc:datafield>
   <marc:datafield ind1=" " ind2=" " tag="041">
      <marc:subfield code="a">ger</marc:subfield>
   </marc:datafield>
   <marc:datafield ind1="1" ind2=" " tag="521">
      <marc:subfield code="a">0</marc:subfield>
   </marc:datafield>
   <marc:datafield ind1=" " ind2=" " tag="300">
      <marc:subfield code="a">396 Seiten</marc:subfield>
   </marc:datafield>
</marc:record>
